000 00837cam a22001934a 4500
005 20250605163237.0
008 250528s ||||||||||||||||||||||||d
035 _a15209
020 _a751700347
040 _aGR-AtMCL
_bgre
_dGR-AtMCL
_eAACR2
245 1 _aACCA Study Text / Professional Paper 14: Financial Strategy
250 _a2nd
260 _bBpp Publishing,
_c1994
300 _a530
520 _aThis book has been fully updated to reflect developments in the examination and in the subjects covered by the syllabus. Preface, Introduction, The Nature and Scope of Financial Strategy, Investment Decisions and Capital Structure, Business Planning, The International Environment, International Operations, Appendix: Mathematical Tables and Formulae, Glossary, Index.
942 _cBK
999 _c803
_d803